000 00501nam a2200181Ia 4500
008 090123s9999 xx 000 0 und d
082 _b36828
100 _aनागपुरकर हेमा
245 _aजेनी
250 _a0
260 _bमनोरमा प्रकाशन
_c2004
300 _a188
600 _aनागपुरकर हेमा
630 _aजेनी
700 _aनागपुरकर हेमा
730 _aजेनी
942 _cBOOK
999 _c74895
_d74895